000
00205 a2200097 4500
001
29801
100
_a
AMC
245
_a
Elements of Aaircraft & Missile drop
260
_a
_b
AMC
_c
090
_c
19818
_d
19818
942
_a
NUST-CAE
_c
M
_c
10911
999
_c
264874
_d
264874